[Event "Ciocaltea Memorial"]
[Site "Bucharest"]
[Date "1995.??.??"]
[Round "8"]
[White "Brodsky, Michail"]
[Black "Marin, Mihail"]
[Result "1/2-1/2"]
[WhiteElo "2535"]
[BlackElo "2540"]
[Annotator "Wahls,M"]
[PlyCount "41"]
[EventDate "1995.02.??"]
[EventType "tourn"]
[EventRounds "11"]
[EventCountry "ROU"]
[EventCategory "10"]
[SourceTitle "CBM 048"]
[Source "ChessBase"]
[SourceDate "1995.10.01"]
[SourceVersion "1"]
[SourceVersionDate "1995.10.01"]
[SourceQuality "1"]

1. e4 c5 2. Nf3 d6 3. d4 cxd4 4. Nxd4 Nf6 5. Nc3 g6 6. Be3 Bg7 7. f3 Nc6 8. Qd2
O-O 9. O-O-O d5 10. Kb1 $5 {Modernes Schach! Den großen Zentrumsgegenschlag
von Schwarz beantwortet Weiß mit einem Abwartezug.10.Kb1 ist der Beginn einer
noch relativ jungen Variante, deren Zukunft davon abhängt, ob es Schwarz
endlich gelingen wird ein Gegengift zu finden.} Nxd4 (10... dxe4 $4 11. Nxc6
Qxd2 12. Nxe7+ $18) (10... e6 11. h4 Re8 12. h5 Nxd4 13. Bxd4 e5 14. Be3 d4 15.
Bg5 Qa5 16. Nb5 Qb6 17. hxg6 hxg6 18. g4 a6 19. Na3 Be6 20. Nc4 Qc5 21. b3 b5
22. Nb2 a5 23. Nd3 Qd6 24. Qh2 Nd7 25. Qh7+ Kf8 26. Bh6 Bxh6 27. Qxh6+ Ke7 28.
Qg5+ f6 29. Rh7+ Kd8 30. Qd2 Bg8 31. Rh2 g5 32. Kb2 Nb6 33. Rh6 b4 34. Qxg5 Nd7
35. Qd2 {Mahdia F-Sharaibi F/Thessaloniki 1988/0-1 (53)}) 11. e5 $1 {Nicht
minder erstaunlich als der 10. weiße Zug.Ein glatter Figurenverlust wird
ignoriert!} (11. Bxd4 $2 dxe4 12. h4 (12. Bxf6 Qxd2 13. Rxd2 exf6 14. Nxe4 f5
15. Nd6 Be6 16. f4 Rfd8 17. Be2 Bf8 18. Rhd1 Rd7 19. Nb5 Rad8 20. Rxd7 Rxd7 21.
Rxd7 Bxd7 22. Nxa7 Bc5 23. Nb5 Bc6 24. Bf1 Be3 25. h3 Bxf4 26. Nd4 Be4 27. a4
Kf8 28. b4 Bd2 29. b5 Bc3 30. Nb3 b6 31. a5 bxa5 32. Nc5 Bd4 33. Nb3 Bb6 34.
Kb2 Ke7 35. c4 Kd6 36. Kc3 a4 {Messarius,J-Gustavsson,C/BL2-W 9293 (1993) ;BL2
1993/0-1 (61)}) 12... exf3 13. gxf3 Nh5 14. Qe3 Qa5 15. Bxg7 Kxg7 16. Nd5 e6
17. b4 Qd8 18. Nc3 Qf6 19. Ne4 Qf4 20. Qc3+ e5 21. Rd5 f6 22. Rc5 Be6 23. Bc4
Bxc4 24. Rxc4 Qf5 25. Rc7+ Kh8 26. Rd1 Rac8 27. Qc5 Qe6 28. Rd6 Rxc7 29. Qxc7
Qc8 30. Rd7 Qxc7 31. Rxc7 f5 32. Ng5 h6 33. Nf7+ Rxf7 34. Rxf7 Nf4 35. c4 h5
36. c5 g5 37. Rxf5 gxh4 38. Rxe5 {1-0 Paternoste,Ricardo-Alvarez,Roberto/cr
LADAC Superior 1989}) 11... Nxf3 {Der neue Zug.} (11... Nd7 12. Bxd4 e6 {
+/- Milov,L-Cirkvencic,F/Nagykanizsa/1993/} (12... Nxe5 13. Qe3 Nc6 (13... Qd6
$2 14. Nb5 $1) 14. Bxg7 Kxg7 15. Nxd5 (15. Rxd5 Qc7 16. h4 $13 (16. Nb5 Qa5 17.
Nc3 Qc7 $10)) 15... Qa5 (15... Be6 16. Qc3+ $1 (16. Bc4 $2 Qa5) 16... f6 17.
Bc4 $36) 16. b4 Qa4 (16... Qd8 $6) 17. b5 Rb8 18. Qb3 (18. Ka1 f6 $140 $1 19.
bxc6 bxc6 20. Nc3 Qa3 21. Rb1 Rxb1+ 22. Kxb1 Bf5 23. Bc4 Rb8+ 24. Bb3 Rxb3+ 25.
axb3 Qxb3+ $10) (18. Kc1 $140 $5 f6 (18... Na5 $140 $2 19. Qe5+ f6 20. Qxb8 Bf5
21. Qc7 Rc8 22. Qxe7+ Kh6 23. Qe3+ g5 24. Kd2 $18 {[]}) 19. bxc6 bxc6) (18.
bxc6 $5 bxc6+ 19. Kc1 $140 cxd5 20. Qe5+ Kg8 21. Qxb8 Bf5 22. Qb3 $1 $8) 18...
Qxb3+ 19. axb3 (19. cxb3 $14) 19... e6 20. bxc6 exd5 21. c7 (21. Rxd5 $1 bxc6
22. Ra5 $16) 21... Ra8 22. Rxd5 Be6 23. Rc5 Rfe8 (23... Rac8 $2 24. Bb5 $140 $1
a6 25. Bd3 Rfe8 26. Be4 $1 $18) 24. Bd3 (24. Bb5 Re7 {/\ Rc8=}) 24... Rac8 25.
Ra5 (25. Re1 Re7 26. Bc4 Rexc7 27. Rxc7 Rxc7 28. Bxe6 Re7 $10) 25... a6 26. Re1
Rxc7 27. Re4 {1/2-1/2 Milov,L-Golubev,M/Biel op (10) ;TD 94\02 1994}) 13. f4 a6
14. h4 b5 15. h5 b4 16. Na4 a5 17. g4 g5 18. h6 Bh8 19. Rh5 gxf4 20. Qxf4 f6
21. Bd3 Ba6 22. Bxa6 Rxa6 23. Nc5 Nxc5 24. Bxc5 Rf7 25. Qe3 Rc6 26. Bd4 Qe7 27.
Re1 Kf8 28. exf6 Bxf6 29. Bxf6 Qxf6 30. Rxd5 Qf2 31. Rd8+ Ke7 32. Qg5+ Rf6 33.
Red1 Qxc2+ 34. Ka1 Rc7 35. Qg7+ Rf7 36. Qg5+ Rf6 37. Qg7+ Rf7 38. Qg5+ Rf6 {
1/2-1/2 Kaminski,U-Sievers,S/BL 9495 HSK-Dresden [7] 1995}) (11... Nxc2 $4 12.
exf6) (11... Nf5 12. exf6 $16 exf6 13. Bc5 d4 14. Bxf8 Qxf8 15. Nb5 Ne3 16. Re1
Nxf1 17. Rhxf1 Be6 18. Nc7 d3 19. Nxa8 dxc2+ 20. Ka1 Qxa8 21. Qxc2 a5 22. Rd1
h6 23. Rfe1 Qa6 24. Qc5 f5 25. Rd6 b6 26. Rxb6 Qd3 27. Rd6 Qc4 28. Qxc4 Bxc4
29. Rc1 Be6 30. Ra6 Be5 31. g3 Kg7 32. Rxa5 Kf6 33. Rxe5 Kxe5 34. a4 f4 35. a5
{1-0 Mifsud,T-Bizat,M/Moscow olm (11) MLT-MNC ;EXP 44 1994}) 12. gxf3 Nh5 13.
Qxd5 Qc7 (13... Qxd5 {reicht wie der Partiezug nicht ganz zum Ausgleich:} 14.
Nxd5 Bxe5 15. Bc5 $5 (15. Nxe7+ Kg7 16. Rd5 $1 (16. Nxc8 Rfxc8 17. Bh3 Rd8)
16... Bf6 (16... Kf6 17. Rb5 $5) 17. Nxc8 Rfxc8 18. Bd3) (15. Bh6 $6 Bg7 16.
Nxe7+ Kh8 17. Bxg7+ Kxg7 18. Bb5 (18. Bc4 Bh3) 18... Be6) 15... Nf4 (15... e6
16. Bxf8 Kxf8 17. Ne3 b6 18. Bd3 $14) (15... Kg7 16. Bxe7 Rh8 17. Bc4 Be6 18.
Rde1 Bf4 19. Nxf4 Nxf4 20. Bxe6 $14) 16. Nxe7+ (16. Bxe7 Re8 17. Nf6+ Bxf6 18.
Bxf6 $14 Bf5 19. Bb5 Re3 (19... Re6 20. Bg5 Nh3 21. Bh4) 20. Rhf1 $14 Rc8 21.
Rd2) 16... Kg7 17. Bb5 (17. Bc4 Be6 18. Rhe1 Rfd8) 17... Be6 18. Rhe1 Kf6 $13
19. Re4 (19. Bf2) (19. Bc6 $2 bxc6 20. Nxc6 Bc7) 19... Rfd8 20. Rde1 Bc7) 14.
f4 {Die statisch gesehen so schwache weiße Bauernstruktur ist vom dynamischen
Standpunkt aus betrachtet außerordentlich effizient.Schwarz muß alles daran
setzen den z. Z. kaltgestellten Figuren (Bg7,Nh5) neues Leben einzuhauchen.}
Bg4 15. Be2 (15. Rd4 $5 {Weiß möchte den Bg4 durch Qd5-g2 vertreiben, um
anschließend den Springer mit Bf1-e2 aufspießen zu können.} Rfd8 (15... Rac8
16. Rc4 Qb8 17. Rxc8 Rxc8 18. Bg2 b6) 16. Qg2 Rxd4 (16... Be6 17. Rxd8+ Rxd8
18. Be2 Kh8 19. Bxh5 (19. Rg1 Rg8) 19... gxh5 20. Rg1 Rg8 21. Qg5 f6) 17. Bxd4
Qd7 (17... Be6 18. Be3 (18. Qf2 Bh6) 18... Bh6 19. Qf2 Ng7 20. Nb5 Qa5 21. b3
Bd5 22. Rg1 Nf5 23. Bd2 Qd8 24. Nxa7) 18. Be3 $14 Bh6 19. Rg1 Bf5 20. Qf2 $36)
15... Bxe2 16. Nxe2 Rad8 $2 (16... Rac8 17. Qb3 b6 18. Nc3 $1) (16... e6 $1)
17. Qc5 $16 Qxc5 18. Bxc5 Bh6 19. Bxe7 (19. f5 $1 Rxd1+ (19... gxf5 $2 20.
Rdg1+ Ng7 21. Bxe7 $18) 20. Rxd1 gxf5 21. Rd7 f4 (21... b6 22. Bxe7 Re8 23. Nd4
Bf4 24. Nf3 $1 (24. Nxf5 Bxe5 25. Rxa7 Bxh2 26. c4) 24... a6 25. c4 $16) 22.
Bxa7 f3 23. Ng1 f6 24. e6 Ra8 25. Bf2 $18 (25. Bb6 $2 Ra6)) 19... Rxd1+ 20.
Rxd1 Re8 21. Bc5 $2 (21. Rd7 {Kurz vor Schluß hätte es noch `mal ordentlich
Zoff geben können.} Nxf4 22. Nd4 Nd5 23. Bc5 Nf6 24. Rxb7 Rxe5 25. b4) 1/2-1/2

[Event "RUS-Cup final"]
[Site "Samara"]
[Date "1998.09.09"]
[Round "11"]
[White "Yakovich, Yuri"]
[Black "Fedorov, Alexei"]
[Result "1/2-1/2"]
[WhiteElo "2560"]
[BlackElo "2600"]
[Annotator "Yakovich,Y"]
[PlyCount "81"]
[EventDate "1998.08.??"]
[EventType "tourn"]
[EventRounds "11"]
[EventCountry "RUS"]
[SourceTitle "CBM 067"]
[Source "ChessBase"]
[SourceDate "1998.11.30"]
[SourceVersion "2"]
[SourceVersionDate "1998.11.01"]
[SourceQuality "1"]

1. e4 c5 2. Nf3 d6 3. d4 cxd4 4. Nxd4 Nf6 5. Nc3 g6 6. Be3 Bg7 7. f3 O-O 8. Qd2
Nc6 9. O-O-O Bd7 10. g4 $5 Ne5 11. h4 (11. Bh6 Bxh6 12. Qxh6 Rc8 13. h4 Rxc3
14. bxc3 Qa5 $44) 11... b5 $146 ({Usually black play} 11... Rc8 {In this case
if white play 12.Bh6 black will sacrifice rook on c3:} 12. Bh6 Bxh6 13. Qxh6
Rxc3 14. bxc3 Qa5 $44) 12. Bh6 {Now it's possible.} (12. h5 Nxf3 $5 13. Nxf3
Bxg4 $13) 12... Bxh6 13. Qxh6 b4 14. Nd5 Nxd5 15. exd5 f6 16. Kb1 (16. Bb5 $2
Nf7 (16... Bxb5 $4 17. Ne6) 17. Qe3 Bxb5 18. Nxb5 Qa5 $17) 16... Qa5 $1 17. Nb3
(17. Be2 Qxd5) (17. Bd3 Nxd3 18. Rxd3 Qxd5) (17. Ne6 Bxe6 18. dxe6 Rac8 19. Be2
(19. Qe3 Qc5) 19... Qc5) 17... Qc7 18. Bd3 $1 (18. g5 $4 Nf7 $19) 18... Rf7 {
Now black N can't attack white Q.} (18... Nxd3 19. Rxd3) (18... Nxf3 19. h5)
19. Nd4 a5 (19... Rc8 20. Ba6 $5 (20. g5 Nxd3 (20... Qc5 21. h5 Qxd4 22. hxg6
Rg7 23. gxf6 exf6 24. gxh7+ Kh8 25. Ba6 Qc5 26. Bxc8 Qxc8 27. Rdg1) 21. Rxd3
Qc4 (21... Bf5 22. Rd2 $16) 22. h5 Bf5 23. Rd2 Qxd5 24. gxf6 (24. hxg6 Bxg6)
24... Rxf6 25. hxg6 (25. Nxf5 Qxf5 26. hxg6 Qxg6 27. Qe3 (27. Qh3 Qf5) 27...
Qf7 28. Qxa7 Rxf3 $13) 25... Bxg6 26. Rg2 Kf7) 20... Rb8 (20... Rcf8 21. Ne6
Bxe6 22. dxe6 Rg7 23. Qe3 $16) 21. g5 Qa5 22. h5 Qxa6 23. hxg6 Nxg6 24. gxf6
exf6 (24... Qc8 25. Rdg1 Bf5 26. Rg5 (26. Rh5 Qc5 27. Rxf5 Qxd4 28. Rxg6+ Kh8)
(26. Qh5 $5 Rxf6 27. Qxh7+ Kf8 28. Rg5)) 25. Rdg1 $18) 20. g5 $1 {It's
possible now, because of move 18.Bd3!} Qc5 (20... Nxd3 21. Rxd3 Qc4 22. h5) 21.
h5 $1 $138 {[%csl Rg8]} Qxd4 22. hxg6 Rg7 23. gxf6 exf6 24. gxh7+ Kh8 25. Qxf6
(25. Be4 $1 Qb6 $1 (25... Qf2 26. Qxf6 Ng4 27. Qxd6 Ne3 28. Rde1) (25... Qa7
26. Qxf6) 26. Qxf6 Qd8 27. Qxd6 $16) 25... Nc6 26. Qxd6 Qe5 27. Qh6 Ne7 $1 28.
Rhe1 (28. Rde1 Qd4 29. Be4 Nf5) (28. f4 Qxd5 29. Qf6 Qe6) 28... Nf5 29. Rxe5 (
29. Qc6 Qb8) 29... Nxh6 30. d6 (30. c4 bxc3 31. bxc3 Rb8+) 30... a4 31. Kc1 $6
$138 (31. c4 bxc3 32. bxc3 Nf7) (31. Re7 Rf8) 31... Rf8 32. Be4 Nf5 33. Bxf5
Rxf5 34. Rxf5 Bxf5 35. Rd4 (35. Rd5 Bd7 36. Rd4 b3 37. axb3 axb3 38. cxb3 Kxh7)
35... Rb7 36. a3 b3 37. cxb3 (37. c4 Rxh7 38. c5 Bd7 39. Rc4 Bc6) 37... axb3
38. Rb4 Rd7 39. Rxb3 Rxd6 40. Rc3 Kxh7 41. b3 1/2-1/2